Statistics for Biggest Cities in the "A" Countries

Click here to take the quiz!

General Stats

  • This quiz has been taken 63 times
  • The average score is 12 of 20

Answer Stats

Population City % Correct
14,280,000Buenos Aires
98%
4,070,000Sydney
95%
3,675,000Algiers
87%
3,955,000Melbourne
85%
1,785,000Perth
85%
1,775,000Vienna
85%
1,150,000Adelaide
84%
3,650,000Kabul
82%
2,030,000Brisbane
82%
1,325,000Yerevan
78%
2,725,000Baku
78%
6,955,000Luanda
76%
1,595,000Cordoba
56%
1,355,000Rosario
49%
803,000Oran
49%
885,000Mendoza
24%
732,000La Plata
13%
822,000Ganja
5%
789,000San Miguel de Tucumán
4%
1,015,000Wahran
0%

Score Distribution

Percentile by Number Answered

Percent of People with Each Score

Your Score History

You have not taken this quiz